GRYF - Tczew 1 - Statystyki

Ogólne statystyki
  • Ten quiz został rozwiązany 30 razy
  • Średni wynik to 7 z 9
Statystyki odpowiedzi
Przystanek % Poprawnych
6. Basen
86%
1. Czyżykowo
86%
8. Sobieskiego
86%
3. Bałdowska
81%
9. Dworzec PKP
81%
2. Konarskiego
71%
7. Wyzwolenia
71%
5. Kopernika
57%
4. pl.Piłsudskiego
43%
Nie znaleziono quizów pasujących do podanych kryteriów
Rozkład punktacji
Procent ludzi z każdym wynikiem
Percentyl według liczby udzielonych odpowiedzi
Twoja historia wyników
Nie rozwiązałeś tego quizu